Memòria ... / Institut Català de Finances
Publicado:
Barcelona :
Generalitat de Catalunya, Departament d'Economia i Finances, Institut Català de Finances ,
1991
Descripción Física:
4 v. ; 30 cm
MARC
| LEADER | 00000nam a2200000Ia 4500 | ||
|---|---|---|---|
| 001 | 11074, 11073, 11072, 14094 | ||
| 003 | BGR | ||
| 005 | 20260324175355.0 | ||
| 008 | 160829s1991 - 1996 xx 000 0 cat d | ||
| 080 | |a M-1-110, M-1-111, M-1-112, M-4-118 | ||
| 110 | 2 | |a Institut Català de Finances |9 71085 | |
| 245 | |a Memòria ... / Institut Català de Finances | ||
| 260 | |a Barcelona : |b Generalitat de Catalunya, Departament d'Economia i Finances, Institut Català de Finances, |c 1991 - 1996 | ||
| 300 | |a 4 v. ; |c 30 cm | ||
| 650 | |a Institut Català de Finances |x Memòries |9 30075 | ||
| 650 | 0 | |a Finances públiques |z Catalunya |9 12120 | |
| 901 | |a Arxiu | ||
| 942 | |n 1 |2 udc |c MON | ||
| 952 | |0 0 |1 0 |4 0 |6 M1110_M1111_M1112_M4118 |7 1 |9 45250 |a Arxiu |b Arxiu |d 2016-12-01 |l 0 |o M-1-110, M-1-111, M-1-112, M-4-118 |p 11074, 11073, 11072, |r 2016-12-01 00:00:00 |w 2016-12-01 |y ARXIU | ||
| 999 | |c 48324 |d 48324 | ||